| 000 | 00779aam a2200253 4500 | ||
|---|---|---|---|
| 999 |
_c1158 _d1158 |
||
| 003 | OSt | ||
| 005 | 20220803093638.0 | ||
| 008 | 130222s2013 nyu j 001 1 eng d | ||
| 020 | _a9781442466173 | ||
| 040 |
_aCaOL _cKH8 |
||
| 082 | _aFIC RIV | ||
| 100 | 1 |
_aRivers, Phoebe. _eAuthor |
|
| 245 | 1 | 0 |
_aGiving up the ghost/ _cPhoebe Rivers |
| 250 | _aEnglish : 1st ed | ||
| 260 |
_cNew York : _aSimon Spotlight, _b©2013. |
||
| 300 |
_a143 pages ; _c20 cm. |
||
| 440 |
_aSaranormal _nbk. 6 |
||
| 520 | _aSara is preoccupied dealing with a brand-new ability that's just surfaced: the power to read minds. | ||
| 650 | _aPsychic ability -- Juvenile fiction. | ||
| 650 | _aGhost stories. | ||
| 655 | 0 | _aParanormal fiction. | |
| 830 | 0 |
_aSaranormal ; _v6. |
|
| 942 |
_2ddc _cFIC |
||